Top 15 Broncos of All Time - Statistics

General Stats
  • This quiz has been taken 306 times
  • The average score is 8 of 15
Answer Stats
# Posistion Answer % Correct
1 QB John Elway
99%
6 QB Peyton Manning
94%
4 LB Von Miller
84%
2 HB Terrell Davis
82%
15 WR Demaryius Thomas
80%
3 CB Champ Bailey
76%
5 TE Shannon Sharpe
76%
7 S Steve Atwater
59%
8 WR Rod Smith
54%
13 K Jason Elam
25%
10 HB Floyd Little
23%
9 WR Ed McCaffrey
22%
12 LB Tom Jackson
11%
11 LB Karl Mecklenburg
4%
14 OL Mark Schlereth
2%
No matching quizzes found
Score Distribution
Percent of People with Each Score
Percentile by Number Answered
Your Score History
You have not taken this quiz